000 01495nam a22002297a 4500
999 _c60228
_d60228
003 Ge_BSU
005 20230620163920.0
008 230620s2017 ge ||||| |||| 00| 0 geo d
020 _a9789941945731
041 _ageo
080 _a81'25 ა-49
100 _aალიბეგაშვილი, გიორგი
_918830
245 _aთარგმანის ისტორია /
_c გიორგი ალიბეგაშვილი, ეკა დუღაშვილი, თამარ მღებრიშვილი ; რედაქტორი ქეთევან ტატიშვილი ; საქ. საპატრიარქოს წმ. ანდრია პირველწოდებულის სახ. ქართული უნ-ტი.
264 _aთბილისი :
_bქართული უნივერსიტეტი,
_c2017.
300 _a120 გვ. ;
_b 29 სმ.
653 _aთარგმანის ისტორია
700 _aდუღაშვილი, ეკა
_eავტორი
_95142
700 _aმღებრიშვილი, თამარ
_eავტორი
_918831
700 _aტატიშვილი, ქეთევან
_eრედაქტორი
_918832
710 _aსაქ. საპატრიარქოს წმ. ანდრია პირველწოდებულის სახ. ქართული უნ-ტი.
_918833
942 _2udc
_cBK